Statistics for Capitals of neighbouring countries that are furthest apart

Click here to take the quiz!

General Stats

  • This quiz has been taken 38 times
  • The average score is 8 of 15

Answer Stats

kmAnswer% Correct
5793Moscow Beijing
97%
6415Moscow Pyongyang
85%
3034Washington Mexico City
68%
3779Beijing New Delhi
62%
4176Beijing kabul
56%
3880Beijing islamabad
56%
3669Brasilia Bogota
53%
3465Beijing Bishkek
50%
4637Moscow ulaanbaatar
44%
3652Astana Beijing
44%
3172Brasilia Lima
44%
4055Beijing Dushanbe
41%
3598Brasilia Caracas
41%
3153Beijing Kathmandu
38%
4464Jakarta Port Moresby
21%

Score Distribution

Percentile by Number Answered

Percent of People with Each Score

Your Score History

You have not taken this quiz